French Monarchs Quiz - Statistics

General Stats
  • This quiz has been taken 716 times
  • The average score is 8 of 14
Answer Stats
# Name % Correct
18 Louis
99%
3 Napoleon
97%
10 Charles
89%
5 Henry
78%
6 Philip
69%
2 John
61%
1 Robert
61%
2 Francis
54%
2 Louis Philippe
44%
1 Hugh
34%
1 Carloman
22%
1 Odo
22%
1 Lothair
20%
1 Rudolph
16%
No matching quizzes found
Score Distribution
Percent of People with Each Score
Percentile by Number Answered
Your Score History
You have not taken this quiz